Mistrzynie French Open od 2010 roku - Statystyki

Ogólne statystyki
  • Ten quiz został rozwiązany 231 razy
  • Średni wynik to 11 z 15
Statystyki odpowiedzi
Rok Zawodniczka Narodowość % Poprawnych
2024 Iga Świątek Polska
100%
2023 Iga Świątek Polska
100%
2022 Iga Świątek Polska
100%
2020 Iga Świątek Polska
100%
2015 Serena Williams Stany Zjednoczone
92%
2013 Serena Williams Stany Zjednoczone
92%
2018 Simona Halep Rumunia
73%
2019 Ashleigh Barty Australia
64%
2017 Jeļena Ostapenko Łotwa
64%
2021 Barbora Krejčíková Czechy
53%
2016 Garbiñe Muguruza Hiszpania
53%
2011 Li Na Chiny
50%
2014 Marija Szarapowa Rosja
49%
2012 Marija Szarapowa Rosja
49%
2010 Francesca Schiavone Włochy
23%
Nie znaleziono quizów pasujących do podanych kryteriów
Rozkład punktacji
Procent ludzi z każdym wynikiem
Percentyl według liczby udzielonych odpowiedzi
Twoja historia wyników
Nie rozwiązałeś tego quizu